000 00827cab a2200181 4500
001 ##L133469
008 060511n2006 000 0 eng u
035 _a(Sirsi) u133469
041 0 _aeng
100 1 _aCiorra, Tony
245 0 4 _aThe planner's progress
260 _c2006
490 0 _aProject
_v18(10) May 2006, 12-13(2)
520 _aArgues that dedicated project planners have been largely replaced by computer software programmes, which often only provide critical path analysis and Gantt chart production. For a number of reasons, there is an urgent need for a move back to dedicated planners with specialist project management skills, especially the abilities to consult, communicate, co-ordinate and control.
590 _aIKA230506
690 _aMANAGEMENT-PROJECT MANAGEMENT-PROGRAMME PLANNING
942 _n0
999 _c77023
_d77023